| 000 | 00872nmc a2200325 a 4500 | ||
|---|---|---|---|
| 003 | AR-BaBNM | ||
| 005 | 20251128210224.0 | ||
| 008 | 011101s1996 ||||||||||||||000 | spa|| | ||
| 020 | _a84-8063-231-3 | ||
| 040 | _cAR-BaBNM | ||
| 100 | 1 | _aFont Agustí, Jordi | |
| 245 | 1 | 0 | _aLa enseñanza de la tecnología en la ESO |
| 250 | _a1ª ed. | ||
| 260 |
_aBarcelona _bEdiciones Octaedro _c1996 |
||
| 300 |
_a125 p. _bil., tablas |
||
| 490 | 0 |
_aRecursos _vv. 16 |
|
| 504 | _aContiene bibliografía p. 124-125 | ||
| 650 | 4 | _aCURRICULO | |
| 650 | 4 | _aEDUCACION COMPARADA | |
| 650 | 4 | _aMETODOS DE ENSENANZA | |
| 650 | 4 | _aTECNICAS DIDACTICAS | |
| 650 | 4 | _aFORMACION DE DOCENTES | |
| 651 | 4 | _aReino Unido | |
| 651 | 4 | _aFrancia | |
| 651 | 4 | _aEspaña | |
| 653 | _aENSENANZA DE LA TECNOLOGIA | ||
| 653 | _aEDUCACION SECUNDARIA | ||
| 942 | _cBK | ||
| 998 | _cRaquel | ||
| 999 |
_c14569 _d14569 |
||